|
|
|
|
| LEADER |
00000nam0a2200000 4500 |
| 001 |
93171 |
| 005 |
20231031105055.0 |
| 035 |
|
|
|a (RuTPU)RU\TPU\book\99779
|
| 090 |
|
|
|a 93171
|
| 100 |
|
|
|a 20060327d1965 m y0rusy50 ca
|
| 101 |
1 |
|
|a rus
|c eng
|c ger
|c fre
|
| 102 |
|
|
|a RU
|
| 105 |
|
|
|a a z 001zy
|
| 200 |
1 |
|
|a Основные вопросы современной теоретической электрохимии
|e труды 14-го совещания Международного комитета по электрохимической термодинамике и кинетике
|e пер. с англ., нем. и франц.
|f под ред. А. Н. Фрумкина
|
| 210 |
|
|
|a Москва
|c Мир
|d 1965
|
| 215 |
|
|
|a 499 с.
|c ил.
|
| 320 |
|
|
|a Библиогр. в конце разделов
|
| 610 |
1 |
|
|a электрохимия
|
| 610 |
1 |
|
|a теоретическая электрохимия
|
| 610 |
1 |
|
|a электрический слой
|
| 610 |
1 |
|
|a адсорбция
|
| 675 |
|
|
|a 544.6
|v 3
|
| 702 |
|
1 |
|a Фрумкин
|b А. Н.
|4 340
|
| 801 |
|
1 |
|a RU
|b 63413507
|c 20060327
|g PSBO
|
| 801 |
|
2 |
|a RU
|b 63413507
|c 20140425
|g PSBO
|
| 942 |
|
|
|c BK
|